NASCAR winners of the 70's - Statistics

General Stats
  • This quiz has been taken 69 times
  • The average score is 11 of 23
Answer Stats
Hint Answer % Correct
89 Richard Petty
97%
52 Cale Yarborough
89%
47 David Pearson
89%
41 Bobby Allison
83%
1 Dale Earnhardt
83%
8 Donnie Allison
83%
14 Benny Parsons
80%
22 Darrell Waltrip
77%
14 Buddy Baker
60%
1 Lee Roy Yarbrough
54%
16 Bobby Isaac
49%
5 A.J. Foyt
43%
5 Neil Bonnett
40%
4 Dave Marcis
29%
4 Pete Hamilton
29%
2 Tiny Lund
23%
1 Lennie Pond
17%
1 Richard Brooks
14%
2 James Hylton
11%
3 Charlie Glotzbach
9%
1 Mark Donohue
9%
2 Ray Elder
6%
1 Earl Ross
3%
No matching quizzes found
Score Distribution
Percent of People with Each Score
Percentile by Number Answered
Your Score History
You have not taken this quiz